| 000 | 00591cam a2200193 a 4500 | ||
|---|---|---|---|
| 001 | 000010794 | ||
| 005 | 20200929162307.0 | ||
| 008 | 711222s1972 xxua b 001 0 eng d | ||
| 040 |
_aDO-SdBNP _bspa _cBNPHU |
||
| 082 |
_axxxx _bH351a |
||
| 100 | 1 |
_aHaskin, Larry A. _926075 |
|
| 245 | 1 | 4 |
_aThe atomic nucleus and chemistry / _cLarry A. Haskin. |
| 260 |
_aLexington : _bD. C. Heath and Company, _c1972. |
||
| 300 |
_a137 p. : _bil. ; _c21 cm. |
||
| 500 | _aIncluye índice | ||
| 504 | _aBibliografía: p. 135-136. | ||
| 650 | 0 |
_aNuclear chemistry. _926076 |
|
| 650 | 0 |
_aNuclear physics. _926077 |
|
| 999 |
_c10544 _d10544 |
||